| 000 | 00682nam a2200241 a 4500 | ||
|---|---|---|---|
| 008 | |||
| 020 | _a0333357876(hbk.) | ||
| 049 | _aMAIN | ||
| 090 | _aTL704.7 | ||
| 100 | 1 | _aGoodger, E. M. | |
| 245 | 1 | 0 |
_aAviation fuels technology / _cEric Goodger and Ray Vere. |
| 260 |
_aHoundsmills : _bMacmillan, _c1985. |
||
| 300 |
_axiii, 265 p. : _bill. ; _c25 cm. |
||
| 500 | _aIncludes index. | ||
| 504 | _aIncludes bibliographical references. | ||
| 650 | 0 |
_aAirplanes _xFuel. |
|
| 700 | 1 | _aVere, R. A. | |
| 907 |
_a.b10064291 _b12-08-05 _c17-04-03 |
||
| 003 | |||
| 005 | 20230123133240.0 | ||
| 040 | _cNUST | ||
| 942 |
_cBOOKS _kTL704.7 |
||
| 999 |
_c145317 _d145317 |
||